| 000 | 01631cam a22003011 4500 | ||
|---|---|---|---|
| 999 |
_c22330 _d22330 |
||
| 001 | 8800743 | ||
| 003 | BDDh-ASL | ||
| 005 | 20231015030122.0 | ||
| 008 | 801119s1838 enkabef 000 0 eng | ||
| 010 | _a 44010826 | ||
| 035 | _a(OCoLC)6957973 | ||
| 040 |
_aDLC _cViU _dDLC _dBDDh-ASL |
||
| 042 | _apremarc | ||
| 043 | _aa-ii--- | ||
| 050 | 0 | 0 |
_aDS412 _b.M3 |
| 082 |
_a954 _bMEO |
||
| 100 | 1 |
_aMartin, Robert Montgomery, _d1803?-1868. |
|
| 245 | 1 | 4 |
_aThe history, antiquities, topography, and statistics of eastern India, Vol.-1, Behar (Patna City) and Shahabad :: _cComprising the districts of Behar, Shahabad, Bhagulpoor, Goruckpoor, Dinajepoor, Puraniya, Ronggopoor, and Assam; in relation to their Geology, Mineralogy, Botany, Agriculture, Commerce, Manufactures, Fine Arts, Population, Religion, Education, Statistics, etc [Surveyed under the orders of the supreme government, and collated from the original documents at the E.I. house ... by Montgomery Martin ...] |
| 260 |
_aLondon: _aDelhi: _bW. H. Allen and Co., _bCosmo Publications, _c1838. _c1976. |
||
| 300 |
_av-1, 560 p. : _billus., plates (part fold.) maps, plans. _c23 cm. |
||
| 505 | 0 | _av. 1. Behar (Patna city) and Shahabad.--v. 2. Bhagulpoor, Goruckpoor, and Dinajepoor.--v. 3. Puraniya, Ronggopoor and Assam. | |
| 651 | 0 |
_aIndia _xDescription and travel. |
|
| 651 | 0 |
_aIndia _xHistory. |
|
| 651 | 0 |
_aIndia _xSocial life and customs. |
|
| 906 |
_a7 _bcbc _coclcrpl _du _encip _f19 _gy-gencatlg |
||
| 942 |
_2ddc _cBK |
||